| 000 | 00527nam a22001937a 4500 | ||
|---|---|---|---|
| 999 |
_c526444 _d526444 |
||
| 003 | NUST | ||
| 005 | 20190712071630.0 | ||
| 008 | 190712b ||||| |||| 00| 0 eng d | ||
| 020 | _qHBK. | ||
| 038 | _aWaseem | ||
| 082 |
_a891.421 _bHAM |
||
| 100 |
_aTabassum, Hameed _917448 |
||
| 245 | _aAyo Mery Dukh Wandaow / | ||
| 260 |
_aFaisalabad : _bILM Trust Publishers, _c2008. |
||
| 300 | _a256 p. ; | ||
| 880 |
_6100-01\r _a حمید تبسم |
||
| 880 |
_6245-02\r _a آؤمیرے دُکھ ونڈاوُ / |
||
| 942 |
_2ddc _cBK |
||